000 00829nam a2200205Ii 4500
003 JO-AjNU
008 230605s9999||||xx |||||||||||||| ||und||
040 _aJO-AjNU
_bara
_erda
_cJO-AjNU
041 _aara
050 1 4 _aPJ7745.J2 1995
100 3 _aحقق الكتاب وعلق عليه ووضع الفهارس بلا،شارل,
_eauthor
_98276
245 0 0 _aكتاب القول في البغال لأبي عثمان عمر بن بحر
250 _aط1
264 3 1 _aبيروت:دار الجيل،1995
300 _a189ص
_bيحتوي على فهارس
336 _atext
_btxt
_2rdacontent
337 _aunmediated
_bn
_2rdamedia
338 _avolume
_bnc
_2rdacarrier
650 4 _a الأدب العربي - تاريخ ونقد - العصر العباسي - الحيوانات في الأدب العربي البغال
_98277
999 _aA706
_c4274
_d4274